000 00246nam a2200097Ia 4500
005 20251222114356.0
008 251222s1900||||xx |||||||||||||| ||spa||
082 _aDVD0090/S66/2005
245 0 _aImagina: John Lennon:Imagine: John Lennon
942 _cDVD
999 _c1444
_d1444